|
|
|
|
| LEADER |
01231nam a2200313 u 4500 |
| 001 |
10029822 |
| 003 |
upatras |
| 005 |
20230725114430.0 |
| 008 |
990123s1991 us eng |
| 020 |
|
|
|a 0691018243
|
| 040 |
|
|
|a GR-PaULI
|c GR-PaULI
|
| 041 |
0 |
|
|a eng
|
| 082 |
0 |
4 |
|a 305.4
|
| 100 |
1 |
|
|a Panofsky, Dora
|9 77357
|
| 245 |
1 |
0 |
|a Pandora's box
|b the changing aspects of a mythical symbol
|c by Dora and Erwin Panofsky
|
| 260 |
|
|
|a Princeton, N.J.
|b Princeton University Press
|c 1991
|
| 300 |
|
|
|a xiv, 185 p.
|b fig.
|c 26 cm.
|
| 490 |
1 |
|
|a Bollingen series
|v 52
|
| 490 |
1 |
|
|a Mythos
|
| 504 |
|
|
|a Includes bibliographical references and index
|
| 650 |
|
4 |
|a Γυναίκες
|x Ιστορία
|y Αρχαίος κόσμος
|9 104338
|
| 700 |
1 |
|
|a Panofsky, Erwin
|d 1892-1968
|9 6305
|
| 760 |
0 |
|
|a Bollingen series
|g 52
|
| 760 |
0 |
|
|a Mythos
|
| 852 |
|
|
|a GR-PaULI
|b ΠΑΤΡΑ
|b ΦΙΛΟΛΟΓΙΑ
|k ΑΣΧΞ
|h 305.4 P
|m 043519
|p 025000062951
|t 1
|
| 942 |
|
|
|2 ddc
|c BK15
|
| 952 |
|
|
|0 0
|1 0
|2 ddc
|4 0
|6 305_400000000000000_P
|7 0
|9 198216
|a LISP
|b LISP
|c BSC
|d 2016-04-24
|i 043519
|l 0
|o 305.4 P
|p 025000062951
|r 2016-04-24 00:00:00
|t 1
|w 2016-04-24
|y BK15
|x Μεταφορά Τμήματος Φιλολογίας
|
| 998 |
|
|
|c MANIAKH
|d 1999-09
|
| 999 |
|
|
|c 121724
|d 121724
|